LEADER 01104nam a2200253 a 4500 001 000000113114 003 CaOOAMICUS 005 20080911144538.0 008 080911s2005 it 000 u ita d 040 $aUPS$bita$dDP$dPUL$dLda 100 1 $aGamberini, Paolo,$d1960-$0(OLS)http://pul/name/31490 245 10$aQuesto Gesł (At. 2,32) :$bpensare la singolaritą di Gesł Cristo /$cPaolo Gamberini. 260 $aBologna :$bEdizioni Dehoniane,$c2007. 300 $a272 p. ;$c24 cm 490 1 $aManuali (Edizioni Dehoniane) 500 $aRistampa 504 $aIndicazioni bibliografiche nelle note 650 4$aCristologia$xManuali.$0(OLS)http://pul/subject/33613 830 0$aManuali (Edizioni Dehoniane).$0(OLS)http://pul/title/107780 850 $aPUL 852 $aPUL$W1$xSL Religione 3$y85$m232 GAMPA 1$j129243$qDDC 21$B128354$CPULBib$Z2$F128354 $H113114 $82 941 1 $a9 996 $6245$aQuesto Gesł (At. 2,32) :$bpensare la singolaritą di Gesł Cristo$9(OLS)http://pul/title/142139 996 $6260$aBologna :$bEdizioni Dehoniane$9(OLS)http://pul/publisher/48070 LEADER 01215nam a2200265 u 4500 001 000000053558 003 CaOOAMICUS 005 20070226115556.0 008 001117s1947 it u000 u ita u 035 $a10861582 040 $aPUL(R)$bita 100 1 $aFiorentino, Francesco,$d1834-1884.$0(OLS)http://pul/name/7546 245 10$aManuale di storia della filosofia / :$bFiorentino Francesco ; edizione ridotta e annotata ... a cura di Augusto Guzzo. 250 $a6. ed. 260 $aFirenze :$bLa Nuova Italia,$c1947. 300 $a399 p. ;$c18 cm 650 4$aFilosofia$xStoria.$0(OLS)http://pul/subject/580 650 4$aFilosofia$vManuali, trattati, ecc.$0(OLS)http://pul/subject/9227 700 1 $aGuzzo, Augusto,$d1894-1986.$0(OLS)http://pul/name/5601 850 $aPUL 852 $aPUL$W1$xDP1 Fondo Giannini$y60$m1556 A 8$j70644$nBK-PRI$b $qFondi$B70644$CPULBib$Z2$F70644 $H $81 941 1 $a1 961 $aINV: F. Giannini 996 $6245$aManuale di storia della filosofia / :$bFiorentino Francesco ; edizione ridotta e annotata ... a cura di Augusto Guzzo$9(OLS)http://pul/title/71841 996 $6260$aFirenze :$bLa Nuova Italia$9(OLS)http://pul/publisher/48361